Mathmatical Modeling Electromagnetic and Thermal Radiation Effects on Eyring-Powell Nanofluid Flow Over a Shrinking Sheet in a Porous Medium / (Record no. 33941)
[ view plain ]
| 000 -LEADER | |
|---|---|
| fixed length control field | 00907nam a22002057a 4500 |
| 003 - CONTROL NUMBER IDENTIFIER | |
| control field | JO-AjAnu |
| 005 - DATE AND TIME OF LATEST TRANSACTION | |
| control field | 20250715112007.0 |
| 008 - FIXED-LENGTH DATA ELEMENTS--GENERAL INFORMATION | |
| fixed length control field | 250715b jo ||||| |||| 00| 0 ara d |
| 040 ## - CATALOGING SOURCE | |
| Original cataloging agency | JO-AjAnu |
| Language of cataloging | eng |
| Transcribing agency | JO-AjAnu |
| Modifying agency | JO-AjAnu |
| Description conventions | rda |
| 041 ## - LANGUAGE CODE | |
| Language code of text/sound track or separate title | eng |
| Language code of original | eng |
| 050 ## - LIBRARY OF CONGRESS CALL NUMBER | |
| Classification number | QA14 |
| Item number | 2025 |
| 100 #1 - MAIN ENTRY--PERSONAL NAME | |
| Personal name | Alaroud, Eman Mahmoud Abd-Asla'am |
| Relator term | Prepared |
| 9 (RLIN) | 66586 |
| 245 #0 - TITLE STATEMENT | |
| Title | Mathmatical Modeling Electromagnetic and Thermal Radiation Effects on Eyring-Powell <br/> Nanofluid Flow Over a Shrinking Sheet in a Porous Medium / |
| Statement of responsibility, etc. | Prepared Eman Mahmoud Abd-Asla'am Alaroud Supervisor Hamzeh Taha Alkasasbeh |
| 260 ## - PUBLICATION, DISTRIBUTION, ETC. | |
| Date of publication, distribution, etc. | 2025 |
| 300 ## - PHYSICAL DESCRIPTION | |
| Extent | 73 paper |
| 504 ## - BIBLIOGRAPHY, ETC. NOTE | |
| Bibliography, etc. note | University Thesis (Master's Thesis) - Ajloun National University (Ajloun, Jordan) - Faculty of Science, Department of Mathematics, 2025 |
| 650 70 - SUBJECT ADDED ENTRY--TOPICAL TERM | |
| Topical term or geographic name entry element | Mathmatical Modeling |
| 9 (RLIN) | 66587 |
| 700 #1 - ADDED ENTRY--PERSONAL NAME | |
| Personal name | Alkasasbeh, Hamzeh Taha |
| Relator term | Supervisor |
| 9 (RLIN) | 66037 |
| 942 ## - ADDED ENTRY ELEMENTS (KOHA) | |
| Source of classification or shelving scheme | Library of Congress Classification |
| Koha item type | Thesis |
| Suppress in OPAC | No |
| Withdrawn status | Lost status | Source of classification or shelving scheme | Damaged status | Not for loan | Home library | Current library | Date acquired | Total Checkouts | Full call number | Barcode | Date last seen | Price effective from | Koha item type |
|---|---|---|---|---|---|---|---|---|---|---|---|---|---|
| Library of Congress Classification | مكتبة جامعة عجلون الوطنية | مكتبة جامعة عجلون الوطنية | 15/07/2025 | QA14 2025 | e4046 | 15/07/2025 | 15/07/2025 | Thesis | |||||
| Library of Congress Classification | مكتبة جامعة عجلون الوطنية | مكتبة جامعة عجلون الوطنية | 15/07/2025 | QA14 2025 | e4045 | 15/07/2025 | 15/07/2025 | Thesis |